<?xml version="1.0" encoding="UTF-8"?>
<record
    xmlns:xsi="http://www.w3.org/2001/XMLSchema-instance"
    xsi:schemaLocation="http://www.loc.gov/MARC21/slim http://www.loc.gov/standards/marcxml/schema/MARC21slim.xsd"
    xmlns="http://www.loc.gov/MARC21/slim">

  <leader>01075nam a22002657a 4500</leader>
  <controlfield tag="005">20240530110603.0</controlfield>
  <controlfield tag="008">161015s2015    ua fc  f      000 0dara d</controlfield>
  <datafield tag="017" ind1=" " ind2=" ">
    <subfield code="a">2015/2027</subfield>
    <subfield code="b">&#x645;&#x635;&#x631;. &#x62F;&#x627;&#x631; &#x627;&#x644;&#x643;&#x62A;&#x628;</subfield>
  </datafield>
  <datafield tag="020" ind1=" " ind2=" ">
    <subfield code="a">9789779101415</subfield>
  </datafield>
  <datafield tag="040" ind1=" " ind2=" ">
    <subfield code="a">EG-CaGPL</subfield>
    <subfield code="c">EG-CaGPL</subfield>
  </datafield>
  <datafield tag="082" ind1="0" ind2="4">
    <subfield code="2">21</subfield>
    <subfield code="a">754\</subfield>
    <subfield code="b">&#x623; &#x645;</subfield>
  </datafield>
  <datafield tag="100" ind1="0" ind2=" ">
    <subfield code="a">&#x627;&#x62D;&#x645;&#x62F; &#x637;&#x648;&#x63A;&#x627;&#x646; .</subfield>
  </datafield>
  <datafield tag="245" ind1="1" ind2="0">
    <subfield code="a">&#x645;&#x646; &#x627;&#x64A;&#x627;&#x645; &#x632;&#x645;&#x627;&#x646; :</subfield>
    <subfield code="b">&#x644;&#x648;&#x62D;&#x627;&#x62A; &#x628;&#x631;&#x64A;&#x634;&#x629; &#x627;&#x644;&#x641;&#x646;&#x627;&#x646; &#x627;&#x62D;&#x645;&#x62F; &#x637;&#x648;&#x63A;&#x627;&#x646; /</subfield>
    <subfield code="c">&#x62A;&#x631;&#x62C;&#x645;&#x629; &#x633;&#x639;&#x627;&#x62F; &#x641;&#x637;&#x64A;&#x645; &#x61B; &#x62A;&#x642;&#x62F;&#x64A;&#x645; &#x639;&#x632;&#x627;&#x644;&#x62F;&#x64A;&#x646; &#x646;&#x62C;&#x64A;&#x628; &#x61B; &#x627;&#x639;&#x62F;&#x627;&#x62F; &#x648; &#x62A;&#x639;&#x644;&#x64A;&#x642; &#x639;&#x628;&#x62F;&#x627;&#x644;&#x644;&#x647; &#x627;&#x644;&#x635;&#x627;&#x648;&#x649; .</subfield>
  </datafield>
  <datafield tag="250" ind1=" " ind2=" ">
    <subfield code="a">&#x637;1.</subfield>
  </datafield>
  <datafield tag="260" ind1=" " ind2=" ">
    <subfield code="a">&#x627;&#x644;&#x642;&#x627;&#x647;&#x631;&#x629; :</subfield>
    <subfield code="b">&#x627;&#x644;&#x647;&#x64A;&#x626;&#x629; &#x627;&#x644;&#x645;&#x635;&#x631;&#x64A;&#x629; &#x627;&#x644;&#x639;&#x627;&#x645;&#x629; &#x644;&#x644;&#x643;&#x62A;&#x627;&#x628; &#x60C;</subfield>
    <subfield code="c">2015 .</subfield>
  </datafield>
  <datafield tag="300" ind1=" " ind2=" ">
    <subfield code="a">152 &#x635; :</subfield>
    <subfield code="b">&#x644;&#x648;&#x62D;&#x627;&#x62A; &#x61B;</subfield>
    <subfield code="c">24 &#x633;&#x645; .</subfield>
  </datafield>
  <datafield tag="600" ind1="0" ind2=" ">
    <subfield code="a">&#x627;&#x62D;&#x645;&#x62F; &#x637;&#x648;&#x63A;&#x627;&#x646;</subfield>
  </datafield>
  <datafield tag="650" ind1="0" ind2="7">
    <subfield code="2">qrmak</subfield>
    <subfield code="a">&#x627;&#x644;&#x627;&#x634;&#x62E;&#x627;&#x635; &#x641;&#x649; &#x627;&#x644;&#x641;&#x646; .</subfield>
  </datafield>
  <datafield tag="650" ind1="0" ind2="7">
    <subfield code="2">qrmak</subfield>
    <subfield code="a">&#x627;&#x644;&#x631;&#x633;&#x645; .</subfield>
  </datafield>
  <datafield tag="700" ind1="0" ind2=" ">
    <subfield code="a">&#x633;&#x639;&#x627;&#x62F; &#x641;&#x637;&#x64A;&#x645;</subfield>
    <subfield code="e">&#x645;&#x62A;&#x631;&#x62C;&#x645; .</subfield>
  </datafield>
  <datafield tag="700" ind1="0" ind2=" ">
    <subfield code="a">&#x639;&#x628;&#x62F;&#x627;&#x644;&#x644;&#x647; &#x627;&#x644;&#x635;&#x627;&#x648;&#x649;</subfield>
    <subfield code="e">&#x645;&#x639;&#x62F; &#x648; &#x645;&#x639;&#x644;&#x642; .</subfield>
  </datafield>
  <datafield tag="700" ind1="0" ind2=" ">
    <subfield code="a">&#x639;&#x632;&#x627;&#x644;&#x62F;&#x64A;&#x646; &#x646;&#x62C;&#x64A;&#x628;</subfield>
    <subfield code="e">&#x645;&#x642;&#x62F;&#x645; .</subfield>
  </datafield>
  <datafield tag="942" ind1=" " ind2=" ">
    <subfield code="2">ddc</subfield>
    <subfield code="c">BK</subfield>
  </datafield>
  <datafield tag="999" ind1=" " ind2=" ">
    <subfield code="c">62698</subfield>
    <subfield code="d">62698</subfield>
  </datafield>
  <datafield tag="952" ind1=" " ind2=" ">
    <subfield code="0">0</subfield>
    <subfield code="1">0</subfield>
    <subfield code="4">0</subfield>
    <subfield code="7">0</subfield>
    <subfield code="a">CAI</subfield>
    <subfield code="b">CAI</subfield>
    <subfield code="c">ART-LIBRARY</subfield>
    <subfield code="d">2016-10-15</subfield>
    <subfield code="l">0</subfield>
    <subfield code="o">754\ &#x623; &#x645;</subfield>
    <subfield code="p">162511</subfield>
    <subfield code="r">2016-10-15 00:00:00</subfield>
    <subfield code="w">2016-10-15</subfield>
    <subfield code="y">BK</subfield>
  </datafield>
</record>
